| 000 | 00592nam a22002057a 4500 | ||
|---|---|---|---|
| 003 | OSt | ||
| 005 | 20140310182754.0 | ||
| 008 | 130204t xxu||||| |||| 00| 0 eng d | ||
| 020 | _a9780071276030 | ||
| 050 |
_aB 72 . _b.St934 2008 |
||
| 082 |
_aM 190 _bSt929 2008 |
||
| 245 |
_aSocrates to Sartre and beyond : _ba history of philosophy / _cStumpf, Samuel Enoch |
||
| 260 |
_aBoston, Mass. : _bMcGraw-Hill, _cc2003. |
||
| 300 |
_axiv, 498, [42] p. : _bill. ; _c24 cm. |
||
| 521 | _acollege students | ||
| 526 | _c1210L-1700L | ||
| 541 | _j1 | ||
| 562 | _e1 | ||
| 942 |
_2lcc _cBK _kM |
||
| 999 |
_c15812 _d15812 |
||